00478nam a22001217a 450000500170000000800410001704100080005808200080006610000600007424501730013426000420030730000070034920250327120450.0250327b |||||||| |||| 00| 0 eng d aENG aPAT a Patil Mansi- 2K231050 & Dr. Mihika Kulkarni – Guide aScientific Investigation into the employees training and Development Procedures and Its Application in the Manufacturing Sector at SPAL Automotive Tech. India Pvt. Ltd. aPune bSPPUcDecember 2024  a69